000
00281nam a22001217a 4500
008
180206b xxu||||| |||| 00| 0 eng d
041
_a
eng
080
_2
13th
_a
32
100
_a
19
101
_a
POL
245
_a
American government power and purpose
_c
Lowi,Th,J
942
_2
udc
_c
BK
999
_c
41881
_d
41881